| 000 | 00527nam a22001817a 4500 | ||
|---|---|---|---|
| 999 |
_c7039 _d7039 |
||
| 003 | AR-CdUCM | ||
| 008 | 190319b ||||| |||| 00| 0 spa d | ||
| 040 |
_aMUNICIPALIDAD PROVINCIAL DEL CUSCO _cBIBLIOTECA MUNICIPAL DEL CUSCO |
||
| 082 |
_a828.9 / _bK41 |
||
| 100 |
_aKennedy, Margaret _919841 |
||
| 245 | _aEl toque de Midas / | ||
| 260 |
_aBuenos Aires : _bSudamericana, _c1946. |
||
| 300 |
_a535 páginas ; _c18.5 cm. |
||
| 650 |
_aLiteratura inglesa _91015 |
||
| 650 |
_aSiglo XX _98 |
||
| 942 |
_2ddc _cLIBROS |
||
| 945 | _aafb | ||